Disney Movie Find (Picture Click) Quiz Stats

 Plays Quiz not verified by Sporcle

Score 0/46 Timer 10:00
1 Play Today
% Correct
Sleeping Beauty
89.6%
Beauty and the Beast
88.6%
Pinocchio
88.4%
Snow White
88.3%
Lady and the Tramp
88.2%
Winnie the Pooh
88%
Peter Pan
87.9%
Dumbo
87.9%
The Jungle Book
87.8%
Alice in Wonderland
87.8%
Aladdin
87.6%
Bambi
87.6%
Cinderella
87.4%
The Little Mermaid
87%
Lilo & Stitch
87%
The Aristocats
86.8%
3 Little Pigs
86.8%
Mulan
86.7%
Pocahontas
86.5%
Lion King
86.2%
Hunchback of Notre Dame
85.5%
Fantasia
85.2%
Brother Bear
84.2%
% Correct
Hercules
83.5%
TENG
83.2%
Twice Upon a Christmas
82.4%
Sword in the Stone
82.3%
The F&H
81.8%
Little House
81%
Robin Hood
80.7%
101 Dalmatians
80.5%
Treasure Planet
80.4%
The T&H
77.5%
Susie
76.8%
The Black Cauldron
75.2%
Oliver & Company
75.2%
Pablo
74.4%
Ugly Duckling
74.2%
Rescue Rangers
74.2%
Rescuers
72.2%
Atlantis
69.1%
The Three Musketeers
68.1%
Pedro
56.6%
Hiawatha
52.8%
Bongo
51.4%
Small One
50.4%

You're not logged in!

Compare scores with friends on all Sporcle quizzes.
OR
Log In

Sporcle TV

Today on Sporcle TV


Watch our educational content, quiz creation guides, and fun videos on Sporcle TV.

Show Comments

Extras

Top Quizzes Today


Score Distribution

Your Account Isn't Verified!

In order to create a playlist on Sporcle, you need to verify the email address you used during registration. Go to your Sporcle Settings to finish the process.

Report this User

Report this user for behavior that violates our Community Guidelines.

Details: